[Event "DEM U10 2023"]
[Site "Willingen GER"]
[Date "2023.05.29"]
[Round "3"]
[White "Hagn, Tobias"]
[Black "Khanbekyan, Aram"]
[Result "1-0"]
[Termination "normal"]
[Board "25"]
[WhiteElo "1609"]
[BlackElo "1328"]
[WhiteClock "01:06:25"]
[BlackClock "00:57:18"]
[PlyCount "31"]
[WhiteFideId "34623728"]
[BlackFideId "34606149"]
[EventCountry "GER"]
[EventRounds "11"]
[EventType "swiss"]
[EventDate "2023.05.27"]

1. e4 {[%clk 01:15:57]} {[%emt 00:00:03]} c5 {[%clk 01:15:51]} {[%emt
00:00:08]} 2. Nf3 {[%clk 01:16:18]} {[%emt 00:00:09]} Nc6 {[%clk 01:16:12]}
{[%emt 00:00:09]} 3. d4 {[%clk 01:16:35]} {[%emt 00:00:12]} cxd4 {[%clk
01:16:29]} {[%emt 00:00:14]} 4. Nxd4 {[%clk 01:16:53]} {[%emt 00:00:11]} g6
{[%clk 01:16:39]} {[%emt 00:00:21]} 5. Nc3 {[%clk 01:16:54]} {[%emt 00:00:30]}
Bg7 {[%clk 01:16:53]} {[%emt 00:00:16]} 6. Be3 {[%clk 01:17:01]} {[%emt
00:00:22]} Nf6 {[%clk 01:16:45]} {[%emt 00:00:38]} 7. Bc4 {[%clk 01:15:48]}
{[%emt 00:01:43]} O-O {[%clk 01:16:14]} {[%emt 00:01:01]} 8. f3 {[%clk
01:14:01]} {[%emt 00:02:17]} Qb6 {[%clk 01:15:06]} {[%emt 00:01:38]} 9. Qd2
{[%clk 01:09:50]} {[%emt 00:04:41]} Nxe4 {[%clk 01:09:03]} {[%emt 00:06:33]}
10. Nxe4 {[%clk 01:08:26]} {[%emt 00:01:53]} Bxd4 {[%clk 01:08:17]} {[%emt
00:01:17]} 11. Bxd4 {[%clk 01:08:07]} {[%emt 00:00:49]} Nxd4 {[%clk 01:08:03]}
{[%emt 00:00:45]} 12. O-O-O {[%clk 01:07:20]} {[%emt 00:01:17]} Nc6 {[%clk
01:05:26]} {[%emt 00:02:33]} 13. Qh6 {[%clk 01:07:39]} {[%emt 00:00:45]} e6
{[%clk 00:58:08]} {[%emt 00:07:49]} 14. Ng5 {[%clk 01:06:46]} {[%emt 00:01:22]}
Re8 {[%clk 00:56:58]} {[%emt 00:01:40]} 15. Qxh7+ {[%clk 01:06:37]} {[%emt
00:00:39]} Kf8 {[%clk 00:57:18]} {[%emt 00:00:10]} 16. Qxf7# {[%clk 01:06:25]}
{[%emt 00:00:10]} 1-0

[Event "DEM U10 2023"]
[Site "Willingen GER"]
[Date "2023.05.29"]
[Round "3"]
[White "Baumann, Simon"]
[Black "Döscher, Rasmus"]
[Result "1-0"]
[Termination "normal"]
[Board "26"]
[WhiteElo "1423"]
[BlackElo "1049"]
[WhiteClock "00:54:55"]
[BlackClock "00:15:34"]
[PlyCount "77"]
[WhiteFideId "34643664"]
[BlackFideId "34625038"]
[EventCountry "GER"]
[EventRounds "11"]
[EventType "swiss"]
[EventDate "2023.05.27"]

1. e4 {[%clk 01:15:56]} {[%emt 00:00:04]} e5 {[%clk 01:15:51]} {[%emt
00:00:09]} 2. Nf3 {[%clk 01:16:23]} {[%emt 00:00:03]} Nc6 {[%clk 01:16:11]}
{[%emt 00:00:10]} 3. Bc4 {[%clk 01:16:47]} {[%emt 00:00:05]} f5 {[%clk
01:16:19]} {[%emt 00:00:21]} 4. d3 {[%clk 01:16:32]} {[%emt 00:00:45]} Bc5
{[%clk 01:16:35]} {[%emt 00:00:15]} 5. Nc3 {[%clk 01:15:35]} {[%emt 00:01:28]}
d6 {[%clk 01:16:17]} {[%emt 00:00:47]} 6. Bg5 {[%clk 01:12:46]} {[%emt
00:03:19]} Nf6 {[%clk 01:15:31]} {[%emt 00:01:16]} 7. Nd5 {[%clk 01:11:09]}
{[%emt 00:02:08]} h6 {[%clk 01:14:24]} {[%emt 00:01:36]} 8. Bxf6 {[%clk
01:11:16]} {[%emt 00:00:23]} gxf6 {[%clk 01:14:37]} {[%emt 00:00:17]} 9. Qd2
{[%clk 01:09:42]} {[%emt 00:02:05]} Bd7 {[%clk 01:11:37]} {[%emt 00:03:29]} 10.
O-O-O {[%clk 01:09:43]} {[%emt 00:00:29]} a5 {[%clk 01:05:07]} {[%emt
00:06:59]} 11. Nh4 {[%clk 01:05:01]} {[%emt 00:05:12]} Nd4 {[%clk 01:01:05]}
{[%emt 00:04:31]} 12. c3 {[%clk 01:03:55]} {[%emt 00:01:37]} Nc6 {[%clk
00:58:56]} {[%emt 00:02:38]} 13. exf5 {[%clk 01:03:42]} {[%emt 00:00:43]} Na7
{[%clk 00:49:12]} {[%emt 00:10:15]} 14. Qe2 {[%clk 01:03:21]} {[%emt 00:00:51]}
h5 {[%clk 00:47:29]} {[%emt 00:02:12]} 15. d4 {[%clk 01:01:55]} {[%emt
00:01:57]} Bb6 {[%clk 00:44:44]} {[%emt 00:03:15]} 16. f4 {[%clk 01:01:56]}
{[%emt 00:00:29]} c6 {[%clk 00:43:21]} {[%emt 00:01:47]} 17. Nxb6 {[%clk
01:01:53]} {[%emt 00:00:39]} Qxb6 {[%clk 00:43:39]} {[%emt 00:00:12]} 18. dxe5
{[%clk 01:01:58]} {[%emt 00:00:24]} dxe5 {[%clk 00:37:31]} {[%emt 00:06:38]}
19. fxe5 {[%clk 01:02:18]} {[%emt 00:00:10]} O-O-O {[%clk 00:36:07]} {[%emt
00:01:54]} 20. exf6 {[%clk 01:02:20]} {[%emt 00:00:28]} Rhe8 {[%clk 00:32:10]}
{[%emt 00:04:27]} 21. Qxh5 {[%clk 01:02:09]} {[%emt 00:00:40]} Qe3+ {[%clk
00:32:09]} {[%emt 00:00:30]} 22. Kb1 {[%clk 00:57:59]} {[%emt 00:04:43]} Rh8
{[%clk 00:24:06]} {[%emt 00:08:15]} 23. Qf3 {[%clk 00:56:59]} {[%emt 00:01:48]}
Qc5 {[%clk 00:22:31]} {[%emt 00:01:50]} 24. Qf4 {[%clk 00:54:58]} {[%emt
00:02:45]} Nb5 {[%clk 00:20:43]} {[%emt 00:02:19]} 25. f7 {[%clk 00:54:35]}
{[%emt 00:00:53]} Qb6 {[%clk 00:17:52]} {[%emt 00:03:16]} 26. Bxb5 {[%clk
00:54:40]} {[%emt 00:00:29]} Qxb5 {[%clk 00:18:06]} {[%emt 00:00:15]} 27. Ng6
{[%clk 00:54:47]} {[%emt 00:00:24]} Bxf5+ {[%clk 00:18:07]} {[%emt 00:00:29]}
28. Kc1 {[%clk 00:54:51]} {[%emt 00:00:26]} Bxg6 {[%clk 00:17:44]} {[%emt
00:00:54]} 29. Rxd8+ {[%clk 00:55:13]} {[%emt 00:00:08]} Rxd8 {[%clk 00:17:44]}
{[%emt 00:00:29]} 30. f8=Q {[%clk 00:55:22]} {[%emt 00:00:21]} Rxf8 {[%clk
00:17:40]} {[%emt 00:00:34]} 31. Qxf8+ {[%clk 00:55:22]} {[%emt 00:00:30]} Kc7
{[%clk 00:16:45]} {[%emt 00:01:26]} 32. Qg7+ {[%clk 00:55:40]} {[%emt
00:00:12]} Kb6 {[%clk 00:16:59]} {[%emt 00:00:16]} 33. Qxg6 {[%clk 00:56:05]}
{[%emt 00:00:05]} Qe2 {[%clk 00:16:56]} {[%emt 00:00:33]} 34. Qg5 {[%clk
00:55:41]} {[%emt 00:00:54]} Ka6 {[%clk 00:16:38]} {[%emt 00:00:45]} 35. h4
{[%emt 00:01:10]} Qc4 {[%clk 00:16:24]} {[%emt 00:00:01]} 36. h5 {[%clk
00:55:15]} {[%emt 00:01:02]} Qxa2 {[%clk 00:16:46]} {[%emt 00:00:08]} 37. Qf5
{[%clk 00:54:44]} {[%emt 00:01:00]} Qa4 {[%clk 00:16:33]} {[%emt 00:00:35]} 38.
h6 {[%clk 00:54:51]} {[%emt 00:00:32]} Qc4 {[%clk 00:15:34]} {[%emt 00:01:28]}
39. Qf1 {[%clk 00:54:55]} {[%emt 00:01:39]} 1-0

[Event "DEM U10 2023"]
[Site "Willingen GER"]
[Date "2023.05.29"]
[Round "3"]
[White "König, Lian"]
[Black "Haas, Leandro"]
[Result "0-1"]
[Termination "normal"]
[Board "27"]
[WhiteElo "924"]
[BlackElo "1337"]
[WhiteClock "00:34:38"]
[BlackClock "00:58:57"]
[PlyCount "118"]
[WhiteFideId "34660216"]
[BlackFideId "34632549"]
[EventCountry "GER"]
[EventRounds "11"]
[EventType "swiss"]
[EventDate "2023.05.27"]

1. e4 {[%clk 01:15:59]} e5 {[%clk 01:15:54]} {[%emt 00:00:06]} 2. Nf3 {[%clk
01:16:20]} {[%emt 00:00:09]} Nc6 {[%clk 01:16:17]} {[%emt 00:00:07]} 3. Bc4
{[%clk 01:16:44]} {[%emt 00:00:07]} Bc5 {[%clk 01:16:33]} {[%emt 00:00:13]} 4.
O-O {[%clk 01:16:54]} {[%emt 00:00:20]} Nf6 {[%clk 01:16:56]} {[%emt 00:00:06]}
5. d3 {[%clk 01:17:01]} {[%emt 00:00:25]} d6 {[%clk 01:17:12]} {[%emt
00:00:14]} 6. Nc3 {[%clk 01:17:09]} {[%emt 00:00:23]} Bg4 {[%clk 01:17:15]}
{[%emt 00:00:26]} 7. h3 {[%clk 01:17:21]} {[%emt 00:00:18]} Bh5 {[%clk
01:17:39]} {[%emt 00:00:06]} 8. Nd5 {[%clk 01:15:48]} {[%emt 00:02:04]} Nd4
{[%clk 01:17:27]} {[%emt 00:00:42]} 9. Bg5 {[%clk 01:15:11]} {[%emt 00:01:07]}
Nxf3+ {[%clk 01:17:25]} {[%emt 00:00:32]} 10. gxf3 {[%clk 01:14:56]} {[%emt
00:00:45]} h6 {[%clk 01:16:51]} {[%emt 00:01:04]} 11. Bxf6 {[%clk 01:12:39]}
{[%emt 00:02:46]} gxf6 {[%clk 01:17:10]} {[%emt 00:00:11]} 12. Re1 {[%clk
01:12:14]} {[%emt 00:00:56]} c6 {[%clk 01:15:56]} {[%emt 00:01:45]} 13. Ne3
{[%clk 01:12:01]} {[%emt 00:00:42]} Bg6 {[%clk 01:12:01]} {[%emt 00:04:25]} 14.
Kf1 {[%clk 01:09:43]} {[%emt 00:02:48]} Qd7 {[%clk 01:11:45]} {[%emt 00:00:46]}
15. Ng4 {[%emt 00:02:30]} Qe7 {[%emt 00:02:00]} 16. Ke2 {[%clk 01:02:45]}
{[%emt 00:02:57]} O-O-O {[%clk 01:10:59]} {[%emt 00:01:17]} 17. Qd2 {[%clk
01:00:22]} {[%emt 00:02:53]} f5 {[%clk 01:09:04]} {[%emt 00:02:26]} 18. Ne3
{[%clk 00:58:41]} {[%emt 00:02:11]} f4 {[%clk 01:08:57]} {[%emt 00:00:37]} 19.
Ng2 {[%clk 00:56:33]} {[%emt 00:02:37]} f5 {[%clk 01:07:24]} {[%emt 00:02:04]}
20. c3 {[%clk 00:53:28]} {[%emt 00:03:35]} fxe4 {[%clk 01:06:58]} {[%emt
00:00:56]} 21. fxe4 {[%clk 00:52:54]} {[%emt 00:01:03]} f3+ {[%clk 01:07:07]}
{[%emt 00:00:22]} 22. Kxf3 {[%clk 00:51:32]} {[%emt 00:01:51]} Rdf8+ {[%clk
01:07:25]} {[%emt 00:00:12]} 23. Kg3 {[%clk 00:51:22]} {[%emt 00:00:39]} Bh5
{[%clk 01:07:18]} {[%emt 00:00:39]} 24. Rf1 {[%clk 00:49:03]} {[%emt 00:02:49]}
Rhg8+ {[%clk 01:07:12]} {[%emt 00:00:35]} 25. Kh2 {[%clk 00:48:27]} {[%emt
00:01:04]} d5 {[%clk 01:06:01]} {[%emt 00:01:43]} 26. exd5 {[%clk 00:47:44]}
{[%emt 00:01:13]} Bf3 {[%clk 01:06:12]} {[%emt 00:00:20]} 27. Rg1 {[%clk
00:47:18]} {[%emt 00:00:55]} cxd5 {[%clk 01:05:55]} {[%emt 00:00:48]} 28. Bb3
{[%clk 00:46:44]} {[%emt 00:01:04]} Rxg2+ {[%clk 01:03:14]} {[%emt 00:03:11]}
29. Rxg2 {[%clk 00:46:36]} {[%emt 00:00:38]} Bxg2 {[%clk 01:03:41]} {[%emt
00:00:03]} 30. Kxg2 {[%clk 00:46:56]} {[%emt 00:00:09]} Rxf2+ {[%clk 01:03:43]}
{[%emt 00:00:29]} 31. Qxf2 {[%clk 00:46:22]} {[%emt 00:01:04]} Bxf2 {[%clk
01:04:09]} {[%emt 00:00:04]} 32. Kxf2 {[%clk 00:46:23]} {[%emt 00:00:29]} Qh4+
{[%clk 01:04:14]} {[%emt 00:00:26]} 33. Ke2 {[%clk 00:46:08]} {[%emt 00:00:44]}
Qxh3 {[%clk 01:03:52]} {[%emt 00:00:51]} 34. Bxd5 {[%clk 00:45:58]} {[%emt
00:00:39]} Qh2+ {[%clk 01:03:54]} {[%emt 00:00:29]} 35. Ke3 {[%clk 00:45:30]}
{[%emt 00:00:58]} Qxb2 {[%clk 01:03:47]} {[%emt 00:00:38]} 36. Rg1 {[%clk
00:45:11]} {[%emt 00:00:49]} Qxc3 {[%clk 01:01:51]} {[%emt 00:02:26]} 37. Rg8+
{[%clk 00:45:17]} {[%emt 00:00:24]} Kc7 {[%clk 01:01:55]} {[%emt 00:00:27]} 38.
Rg7+ {[%clk 00:45:14]} {[%emt 00:00:32]} Kd6 {[%clk 01:02:08]} {[%emt
00:00:18]} 39. Bxb7 {[%clk 00:43:15]} {[%emt 00:02:28]} Qc1+ {[%clk 01:01:37]}
{[%emt 00:01:01]} 40. Kf2 {[%clk 00:41:55]} {[%emt 00:01:50]} Qb2+ {[%clk
01:01:10]} {[%emt 00:00:59]} 41. Ke3 {[%clk 00:41:37]} {[%emt 00:00:47]} Qxa2
{[%clk 01:00:29]} {[%emt 00:01:10]} 42. Rg6+ {[%clk 00:41:20]} {[%emt
00:00:47]} Kc7 {[%clk 01:00:42]} {[%emt 00:00:16]} 43. Rg7+ {[%clk 00:41:32]}
{[%emt 00:00:18]} Kb6 {[%clk 01:00:38]} {[%emt 00:00:34]} 44. Be4 {[%clk
00:41:25]} {[%emt 00:00:38]} a5 {[%clk 00:59:46]} {[%emt 00:01:23]} 45. Rg6+
{[%clk 00:41:25]} {[%emt 00:00:29]} Kb5 {[%clk 00:59:09]} {[%emt 00:01:08]} 46.
Rg7 {[%clk 00:40:02]} {[%emt 00:01:49]} a4 {[%clk 00:58:49]} {[%emt 00:00:55]}
47. Rb7+ {[%clk 00:40:03]} {[%emt 00:00:28]} Ka6 {[%clk 00:58:37]} {[%emt
00:00:42]} 48. Re7 {[%clk 00:40:03]} {[%emt 00:00:30]} Qa1 {[%clk 00:57:37]}
{[%emt 00:01:31]} 49. Re6+ {[%clk 00:40:05]} {[%emt 00:00:28]} Ka5 {[%clk
00:57:24]} {[%emt 00:00:43]} 50. Re8 {[%emt 00:03:06]} a3 {[%clk 00:57:00]} 51.
Ra8+ {[%clk 00:38:32]} {[%emt 00:00:21]} Kb6 {[%clk 00:56:56]} {[%emt
00:00:34]} 52. Rb8+ {[%clk 00:38:34]} {[%emt 00:00:27]} Kc7 {[%clk 00:57:20]}
{[%emt 00:00:06]} 53. Rb7+ {[%clk 00:38:37]} {[%emt 00:00:28]} Kc8 {[%clk
00:57:43]} {[%emt 00:00:07]} 54. Rb5 {[%clk 00:37:33]} {[%emt 00:01:33]} Qd4+
{[%clk 00:57:25]} {[%emt 00:00:48]} 55. Kf3 {[%clk 00:36:34]} {[%emt 00:01:29]}
a2 {[%clk 00:57:40]} {[%emt 00:00:16]} 56. Bf5+ {[%clk 00:36:19]} {[%emt
00:00:44]} Kc7 {[%clk 00:58:02]} {[%emt 00:00:08]} 57. Be4 {[%clk 00:35:06]}
{[%emt 00:01:43]} a1=Q {[%clk 00:58:24]} {[%emt 00:00:09]} 58. Rb7+ {[%clk
00:35:18]} {[%emt 00:00:18]} Kd6 {[%clk 00:58:45]} {[%emt 00:00:08]} 59. Rg7
{[%clk 00:34:38]} {[%emt 00:01:09]} Qf1+ {[%clk 00:58:57]} {[%emt 00:00:20]}
0-1

[Event "DEM U10 2023"]
[Site "Willingen GER"]
[Date "2023.05.29"]
[Round "3"]
[White "Bremermann, Jakow"]
[Black "Gruner, Cornelius"]
[Result "0-1"]
[Termination "normal"]
[Board "28"]
[WhiteElo "787"]
[BlackElo "1279"]
[WhiteClock "01:08:56"]
[BlackClock "00:54:32"]
[PlyCount "54"]
[WhiteFideId "34660160"]
[BlackFideId "34616306"]
[EventCountry "GER"]
[EventRounds "11"]
[EventType "swiss"]
[EventDate "2023.05.27"]

1. e4 {[%clk 01:15:57]} {[%emt 00:00:03]} e5 {[%clk 01:15:54]} {[%emt
00:00:06]} 2. Nf3 {[%clk 01:16:23]} {[%emt 00:00:03]} Nc6 {[%clk 01:16:15]}
{[%emt 00:00:09]} 3. Bc4 {[%clk 01:16:36]} {[%emt 00:00:17]} Bc5 {[%clk
01:16:26]} {[%emt 00:00:19]} 4. c3 {[%clk 01:16:48]} {[%emt 00:00:18]} d6
{[%clk 01:16:08]} {[%emt 00:00:48]} 5. d4 {[%clk 01:16:39]} {[%emt 00:00:38]}
exd4 {[%clk 01:14:38]} {[%emt 00:02:00]} 6. cxd4 {[%clk 01:16:21]} {[%emt
00:00:48]} Bb4+ {[%clk 01:15:00]} {[%emt 00:00:09]} 7. Nc3 {[%clk 01:16:22]}
{[%emt 00:00:29]} Nf6 {[%clk 01:15:06]} {[%emt 00:00:24]} 8. Bg5 {[%clk
01:16:30]} {[%emt 00:00:20]} h6 {[%clk 01:13:01]} {[%emt 00:02:36]} 9. Bxf6
{[%clk 01:16:11]} {[%emt 00:00:49]} Qxf6 {[%clk 01:11:42]} {[%emt 00:01:49]}
10. Qd3 {[%clk 01:15:02]} {[%emt 00:01:38]} O-O {[%clk 01:10:27]} {[%emt
00:01:46]} 11. O-O {[%clk 01:14:17]} {[%emt 00:01:13]} Bg4 {[%clk 01:09:26]}
{[%emt 00:01:33]} 12. Bd5 {[%clk 01:12:32]} {[%emt 00:02:14]} Bxf3 {[%clk
01:08:30]} {[%emt 00:01:27]} 13. Bxc6 {[%clk 01:12:29]} {[%emt 00:00:33]} bxc6
{[%clk 01:08:17]} {[%emt 00:00:43]} 14. e5 {[%clk 01:10:45]} {[%emt 00:02:13]}
dxe5 {[%clk 01:07:33]} {[%emt 00:01:15]} 15. dxe5 {[%clk 01:11:06]} {[%emt
00:00:08]} Qxe5 {[%clk 01:07:15]} {[%emt 00:00:47]} 16. Qxf3 {[%clk 01:11:26]}
{[%emt 00:00:10]} Bd6 {[%clk 01:06:22]} {[%emt 00:01:24]} 17. g3 {[%clk
01:11:30]} {[%emt 00:00:24]} c5 {[%clk 01:05:22]} {[%emt 00:01:32]} 18. Rfe1
{[%clk 01:11:34]} {[%emt 00:00:23]} Qg5 {[%clk 01:04:11]} {[%emt 00:01:43]} 19.
Ne4 {[%clk 01:11:28]} {[%emt 00:00:36]} Qg6 {[%clk 01:02:05]} {[%emt 00:02:36]}
20. Nxd6 {[%clk 01:11:18]} {[%emt 00:00:40]} cxd6 {[%clk 01:01:41]} {[%emt
00:00:54]} 21. Red1 {[%clk 01:10:52]} {[%emt 00:00:55]} Rab8 {[%clk 01:00:43]}
{[%emt 00:01:29]} 22. Rab1 {[%clk 01:11:07]} {[%emt 00:00:13]} Rfe8 {[%clk
01:00:09]} {[%emt 00:01:06]} 23. Qf4 {[%clk 01:10:46]} {[%emt 00:00:47]} d5
{[%clk 00:59:02]} {[%emt 00:01:42]} 24. Qc7 {[%clk 01:09:59]} {[%emt 00:01:13]}
Qc2 {[%clk 00:55:09]} {[%emt 00:04:26]} 25. Qxa7 {[%clk 01:09:15]} {[%emt
00:01:13]} Rxb2 {[%clk 00:54:33]} {[%emt 00:01:07]} 26. Ra1 {[%clk 01:08:52]}
{[%emt 00:00:52]} Qxf2+ {[%clk 00:54:43]} {[%emt 00:00:21]} 27. Kh1 {[%clk
01:08:56]} {[%emt 00:00:26]} Qxh2# {[%clk 00:54:32]} {[%emt 00:00:09]} 0-1